01149nam a2200193Ia 4500001001100000003001000011008004100021040002500062041001300087100002900100245003000129250001100159260009100170300001200261500026600273501011400539520026600653650003600919L200-52703IT-CnALBA170116s9999||||xx |||||||||||||| ||und|| aIT-CnALBAcIT-CnALBA aITALIANO aRUINI CAMILLO, CARDINALE 0aCHIESA DEL NOSTRO TEMPO.  a1a ed. aCASALE MONFERRATO (AL)bPIEMME EDIZIONIc1996 [1° Ed.:1996 - Ed.Ling.Originale: 1996] a430 p.  aPREMESSA DELL'AUTORE. INTERPRETE TRASPARENTE E FEDELI DI UN PECULIARE LEGAME. CHIESA IN ITALIA. PROBLEMI DELLA SOCIETÀ. CRISTIANI, IMPEGNI SOCIALI E POLITICI. CORDINATE FONDAMENTALI MISSIONE. QUESTIONE MORALE E SOCIALE. LIBERTÀ LEGGE, COSCIENZA VERITÀ. LE aSocietà San Paolo EM - Piazza San Paolo, 14 - 12051 ALBA (CN) (non commercial uses only) ® Copyright 2017 aPREMESSA DELL'AUTORE. INTERPRETE TRASPARENTE E FEDELI DI UN PECULIARE LEGAME. CHIESA IN ITALIA. PROBLEMI DELLA SOCIETÀ. CRISTIANI, IMPEGNI SOCIALI E POLITICI. CORDINATE FONDAMENTALI MISSIONE. QUESTIONE MORALE E SOCIALE. LIBERTÀ LEGGE, COSCIENZA VERITÀ. LE aRELIGIONE - RELIGIONE CRISTIANA